header

New Society:sociology for the 21st c. (Record no. 253834)

MARC details
000 -LEADER
fixed length control field 00485nam a22001817a 4500
003 - CONTROL NUMBER IDENTIFIER
control field OSt
005 - DATE AND TIME OF LATEST TRANSACTION
control field 20160518110757.0
008 - FIXED-LENGTH DATA ELEMENTS--GENERAL INFORMATION
fixed length control field 160518b xxu||||| |||| 00| 0 eng d
010 ## - LIBRARY OF CONGRESS CONTROL NUMBER
LC control number 949315842
020 ## - INTERNATIONAL STANDARD BOOK NUMBER
International Standard Book Number 0774733004
040 ## - CATALOGING SOURCE
Transcribing agency n/a
050 ## - LIBRARY OF CONGRESS CALL NUMBER
Classification number HM51
Item number .B79 1995
100 ## - MAIN ENTRY--PERSONAL NAME
Personal name Brym,Robert J.
245 ## - TITLE STATEMENT
Title New Society:sociology for the 21st c.
Statement of responsibility, etc robert j.brym
260 ## - PUBLICATION, DISTRIBUTION, ETC. (IMPRINT)
Place of publication, distribution, etc Toronto,Canada
Name of publisher, distributor, etc Harcourt Brace & co.
Date of publication, distribution, etc c1995
300 ## - PHYSICAL DESCRIPTION
Extent v,various pagings
Other physical details ill
942 ## - ADDED ENTRY ELEMENTS (KOHA)
Source of classification or shelving scheme Library of Congress Classification
Koha item type Long Loan Books
Holdings
Withdrawn status Lost status Source of classification or shelving scheme Damaged status Not for loan Collection code Home library Current library Shelving location Date acquired Total Checkouts Full call number Barcode Date last seen Price effective from Koha item type
    Library of Congress Classification     Non-fiction Rongo University Library Rongo University Library General Stacks 18/05/2016   HM51 .B79 1995 201612554 18/05/2016 18/05/2016 Long Loan Books

© 2026 Rongo University
Contact us: librarian | system librarian | Rongo university